|
|
|
|
| LEADER |
00000nbm0a2200000 4500 |
| 001 |
153664 |
| 005 |
20231101221716.0 |
| 029 |
0 |
0 |
|a SU
|b 01880018781
|f ТПУ
|
| 035 |
|
|
|a (RuTPU)RU\TPU\book\166704
|
| 090 |
|
|
|a 153664
|
| 100 |
|
|
|a 20090214d1988 k y0rusy50 ca
|
| 101 |
0 |
|
|a rus
|
| 102 |
|
|
|a RU
|
| 105 |
|
|
|a a p 001zy
|
| 200 |
1 |
|
|a Кристалло - структурные исследования и микролокальные поля напряжений в арсениде галлия
|a Исследования микротопографии распределения напряженных состояний в связи с несовершенствами структуры монокристаллов и текстуры поликристаллических агрегатов
|e Межвузовская научно - техническая программа ПРИРОДОКОМПЛЕКС
|e Промежуточный отчет о НИР
|e Тема : г/б 01.02.03.2
|f Томский политехнический институт (ТПИ) ; руководитель В. А. Ермолаев ; С. В. Руднев
|
| 210 |
|
|
|a Томск
|d 1988
|
| 215 |
|
|
|a 129 л.
|
| 300 |
|
|
|a Отчёт о патентных исследованиях
|
| 320 |
|
|
|a Библиогр.: с. 93 - 98
|
| 606 |
1 |
|
|a Галлий, арсенид
|x Химия
|2 stltpush
|3 (RuTPU)RU\TPU\subj\5460
|9 33534
|
| 610 |
1 |
|
|a арсенид галлия
|
| 610 |
1 |
|
|a микролокальные поля
|
| 610 |
1 |
|
|a напряженные состояния
|
| 610 |
1 |
|
|a кристаллическая структура
|
| 610 |
1 |
|
|a Римановские проекции
|
| 610 |
1 |
|
|a радиографическое декорирование
|
| 610 |
1 |
|
|a монокристаллы
|
| 610 |
1 |
|
|a текстура
|
| 610 |
1 |
|
|a микротопография
|
| 610 |
1 |
|
|a отчеты о НИР
|
| 675 |
|
|
|a 546.681(04)
|v 3
|
| 702 |
|
1 |
|a Ермолаев
|b В. А.
|4 673
|
| 702 |
|
1 |
|a Руднев
|b С. В.
|4 677
|
| 712 |
0 |
2 |
|a Томский политехнический институт (ТПИ)
|c (1944-1991)
|2 stltpush
|3 (RuTPU)RU\TPU\col\1123
|4 595
|
| 801 |
|
1 |
|a RU
|b 63413507
|c 20090214
|g PSBO
|
| 801 |
|
2 |
|a RU
|b 63413507
|c 20160311
|g RCR
|
| 942 |
|
|
|c BK
|